000 01438cam a22003737a 4500
999 _c28558
_d28529
001 13327082
003 EG-ScBUE
005 20200816101322.0
008 030828t2005 inua f b 001 0 eng d
020 _a1587051761
020 _a9781587051760
035 _a(OCoLC)ocm57183802
040 _aSISPL
_beng
_erda
_cSISPL
_dOCLCQ
_dSOC
_dOCL
_dBAKER
_dDLC
_dEG-ScBUE
082 0 4 _a004.6
_bSZI
_222
100 1 _aSzigeti, Tim,
_eauthor.
245 1 0 _aEnd-to-end QOS network design /
_cTim Szigeti, CCIE No. 9794, and Christina Hattingh.
264 1 _aIndianapolis, IN :
_bCisco Systems, Inc.,
_c[2005]
264 4 _cc2005
300 _axxvi, 734 pages :
_billustrations ;
_c24 cm
336 _2rdacontent
_atext
_btxt
337 _2rdamedia
_aunmediated
_bn
338 _2rdacarrier
_avolume
_bnc
500 _aSubtitle on cover: Quality of service in LANs, WANs, and VPNs.
504 _aIncludes bibliographical references and index.
650 7 _aComputer networks
_xDesign and construction.
_2BUEsh
650 7 _aComputer networks
_xManagement
_xQuality control.
_2BUEsh
653 _bMASIICCSS
_cJuly2020
655 _vReading book
_934232
700 1 _aHattingh, Christina,
_eauthor.
906 _a7
_bcbc
_ccopycat
_d2
_eepcn
_f20
_gy-gencatlg
942 _2ddc
_cBB